LEADER 01211aam a2200241 u 4500 001 000000049058 003 CaOOAMICUS 005 20070226115052.0 008 000613s1975 it u000 u ita u 035 $a10850070 040 $aMSA$bita$dPUL(R) 100 1 $aFumagalli Carulli, Ombretta,$d1944-$0(OLS)http://pul/name/27859 245 12$aI fondamenti religiosi dell'assolutismo in Bossuet :$bla Chiesa come societa privilegiata e la sua libertŕ /$cOmbretta Fumagalli Carulli. 260 $aMilano :$bVita e pensiero,$c1975. 300 $a79 p. ;$c23 cm 600 14$aBossuet, Jacques Bénigne,$cvesc. di Meaux,$d1627-1704$xPensiero politico e sociale.$0(OLS)http://pul/subject/20679 650 4$aAssolutismo$xAspetti morali e religiosi.$0(OLS)http://pul/subject/20680 850 $aPUL 852 $aPUL$W1$xDP1 Fondo Ciprotti$y59$m1544 C 33$j65249$nBK-PRI$b $qFondi$B65249$CPULBib$Z2$F65249 $H $81 941 1 $a1 961 $aINV: F. Ciprotti 996 $6245$aI fondamenti religiosi dell'assolutismo in Bossuet :$bla Chiesa come societa privilegiata e la sua libertŕ$9(OLS)http://pul/title/66143 996 $6260$aMilano :$bVita e pensiero$9(OLS)http://pul/publisher/48016 LEADER 01336nam a2200313 a 4500 001 000000170883 003 CaOOAMICUS 005 20181203094712.0 008 181203s2000 xxua 000 u eng r 020 $a0-4650-1377-5* 032 $aLibriCat 040 $aPUL$bita 082 14$a612.8 100 1 $aEdelman, Gerald M.$0(OLS)http://pul/name/71602 245 12$aA universe of consciousness : $bhow matter becomes imagination / $cGerald M. Edelman and Giulio Tononi . 260 $aNew York :$bBasic books,$c©2000. 300 $aXIII, 274 p. : $bill. ; $c21 cm. 504 $aContiene riferimenti bibliografici. 650 4$aMente e cervello.$0(OLS)http://pul/subject/25955 650 4$aNeuroscienze.$0(OLS)http://pul/subject/35923 700 1 $aTononi, Giulio.$0(OLS)http://pul/name/71603 850 $aPUL 852 $aPUL$W1$xDP2 Diritto e Scienze Sociali 3$y110$m612. 8 EDEGE 1$j194166$qDDC 21$B199402$CPULBib$Z2$F199402 $H131823 $81 941 1 $a9 996 $6020$a0-4650-1377-5*$9(OLS)http://pul/number/165449 996 $6082$a612.8$9(OLS)http://pul/classification/2270 996 $6245$aA universe of consciousness : $bhow matter becomes imagination / $9(OLS)http://pul/title/211726 996 $6260$aNew York :$bBasic books$9(OLS)http://pul/publisher/67346